Определение энергии активации самодиффузии металлов; Справочник. Инженерный журнал; № 3

Bibliographic Details
Parent link:Справочник. Инженерный журнал: научно-технический и производственный журнал.— , 2000-.— 0203-347X
№ 3.— 2003.— С. 14-17
Other Authors: Безъязычный В. Ф., Драпкин Б. М., Кононенко В. К., Тимофеев М. В.
Language:Russian
Published: 2003
Series:Материалы. Зарубежные аналоги
Subjects:
Format: Book Chapter
KOHA link:https://koha.lib.tpu.ru/cgi-bin/koha/opac-detail.pl?biblionumber=385290

MARC

LEADER 00000naa2a2200000 4500
001 385290
005 20231101063341.0
035 |a (RuTPU)RU\TPU\prd\13033 
090 |a 385290 
100 |a 20030424a2003 k y0rusy50 ca 
101 0 |a rus 
102 |a RU 
200 1 |a Определение энергии активации самодиффузии металлов  |f В. Ф. Безъязычный, Б. М. Драпкин, В. К. Кононенко, М. В. Тимофеев 
225 1 |a Материалы. Зарубежные аналоги 
320 |a Библиогр.: 4 назв. 
461 1 |0 (RuTPU)RU\TPU\prd\1723  |x 0203-347X  |t Справочник. Инженерный журнал  |o научно-технический и производственный журнал  |d 2000- 
463 1 |0 (RuTPU)RU\TPU\prd\12772  |t № 3  |v С. 14-17  |d 2003 
610 1 |a энергия 
610 1 |a активизация 
610 1 |a самодиффузия 
610 1 |a металлы 
610 1 |a твёрдые тела 
610 1 |a диффузия 
610 1 |a металлообработка 
701 1 |a Безъязычный  |b В. Ф. 
701 1 |a Драпкин  |b Б. М. 
701 1 |a Кононенко  |b В. К. 
701 1 |a Тимофеев  |b М. В. 
801 1 |a RU  |b 63413507  |c 20030424  |g PSBO 
801 2 |a RU  |b 63413507  |c 20140115  |g RCR 
942 |c BK